| 000 | 00556nam a2200181 a 4500 | ||
|---|---|---|---|
| 005 | 20221123063725.0 | ||
| 008 | 991125m19651972mx 000 0 spa u | ||
| 035 | _aUPN01000006687 | ||
| 049 | _aCG | ||
| 050 | 4 |
_aBF38 _bH9.28 |
|
| 100 | 1 | _aHyman, Ray | |
| 245 | 1 | 0 |
_aCarácter de la investigación psicológica / _cpor Ray Hyman ; tr. Carlos Gerhard. |
| 260 |
_aMéxico : _bUTEHA, _c1965 (1972 impr.). |
||
| 300 | _a201 p. | ||
| 440 | 0 |
_aManuales UTEHA ; _v267-267a. _pSección 8 : Psicología |
|
| 650 | 4 |
_aPsicología _xMetodología _95866 |
|
| 905 | _aLibro | ||
| 999 |
_c6687 _d6687 |
||